| 000 | 00527nam a22001937a 4500 | ||
|---|---|---|---|
| 005 | 20240306134604.0 | ||
| 008 | 240227b |||||||| |||| 00| 0 eng d | ||
| 020 | _a9788131248782 | ||
| 082 |
_a617.69 _bPRA-C |
||
| 100 | _aPrakash, Vijay | ||
| 245 |
_aConcise Prosthodontics / _cVijay Prakash , Ruchi Gupta |
||
| 250 | _a2nd ed. | ||
| 260 |
_aIndia : _bElsevier ; _c2017 . |
||
| 300 |
_ax , 508 p. : _bill ; _c24.5 cm . |
||
| 500 | _aInclude Index. | ||
| 650 | _aMedical / Dentistry | ||
| 700 | _aRuchi Gupta | ||
| 999 |
_c35186 _d35186 |
||